El desajuste en el mercado de trabajo y la presencia del desempleo
Uloženo v:
| Hlavní autor: | |
|---|---|
| Médium: | Kniha |
| Jazyk: | angličtina španělština |
| Vydáno: |
Murcia
Secretariado de Publicaciones e Intercambio Científico, Universidad de Murcia
1996
|
| Edice: | Tesis Doctorales
|
| Témata: | |
| Tagy: |
Přidat tag
Žádné tagy, Buďte první, kdo vytvoří štítek k tomuto záznamu!
|
MARC
| LEADER | 00000nam a2200000 a 4500 | ||
|---|---|---|---|
| 001 | UCM0377 | ||
| 003 | CL-VaPUC | ||
| 008 | 020125e19960000SP |||||||||||||||||eng|d | ||
| 041 | 0 | 7 | |a eng |2 CL-VaPUC |
| 041 | 0 | 7 | |a spa |2 CL-VaPUC |
| 082 | 0 | 4 | |a 331.137 |b GAR |2 21 |
| 100 | |a García Sánchez, Antonio |e author |9 490613 | ||
| 245 | 1 | 3 | |a El desajuste en el mercado de trabajo y la presencia del desempleo |
| 942 | |c BK | ||
| 945 | |d 20020125 00:00:00 |a crobeson | ||
| 260 | |a Murcia |b Secretariado de Publicaciones e Intercambio Científico, Universidad de Murcia |c 1996 | ||
| 650 | 0 | |a Mercado laboral |9 375911 | |
| 650 | 0 | |a Desempleo |9 257579 | |
| 583 | |a last modification |c 20020125 00:00:00 |k Rodrigo Vera | ||
| 490 | 0 | |a Tesis Doctorales | |
| 999 | |c 299300 |d 299298 | ||
| 952 | |0 0 |1 0 |4 0 |6 331_137000000000000_GAR_1996 |7 0 |8 P |9 355635 |a BIBGIM |b BIBGIM |d 2019-11-21 |i 3788733 |o 331.137 GAR 1996 |p 3788733 |r 2025-01-15 |w 2019-11-21 |y BK |k GIM | ||